París, bombardeado: mayo y junio 1918

Guardado en:
Detalles Bibliográficos
Autor principal: Azorín Martínez Ruiz, José (autor)
Formato: Libro
Lenguaje:español
Publicado: Madrid Renacimiento 1919
Materias:
Etiquetas: Agregar Etiqueta
Sin Etiquetas, Sea el primero en etiquetar este registro!

MARC

LEADER 00000nam a2200000 a 4500
001 UCZ9100
003 CL-VaPUC
008 960301e19190000SP |||||||||||||||||spa|d
082 0 4 |a 808.883  |b AZO  |2 21 
100 |a Azorín  |e autor  |q Martínez Ruiz, José  |9 863023 
245 1 0 |a París, bombardeado: mayo y junio 1918 
300 |a 189 p 
942 |c BK 
945 |d 19960301 00:00:00  |a rleighto 
260 |a Madrid  |b Renacimiento  |c 1919 
650 0 |a Autobiografías   |9 265171 
583 |a last modification  |c 19960301 00:00:00  |k Rodrigo Vera 
999 |c 244684  |d 244682 
952 |0 0  |1 0  |4 0  |6 808_883000000000000_AZO_1919  |7 0  |8 A  |9 258844  |a BIBEDU  |b BIBEDU  |d 2019-11-19  |i 3174816  |o 808.883 AZO 1919  |p 3174816  |r 2019-11-19  |w 2019-11-19  |y BK  |k LIT